000 00577nam a2200229Ia 4500
003 OSt
005 20220928144642.0
006 a|||||r|||| 00| 0
007 ta
008 220927b |||||||| |||| 00| 0 eng d
024 _a72639
037 _cTextual
040 _aSDCL
_cSDCL
_beng
041 _2eng
_aeng
082 _aR1, K4
100 _aCarney James D
_9508834
245 0 _aFundamentals of logic.
260 _c1964
700 _a Scheer Richard K
_9508835
942 _hR1, K4
_cTEXL
_2CC
999 _c828626
_d828626